000 00864nas a2200313 4500
001 BR9705014
003 BR-BrBNA
005 20231205100602.0
007 ta
008 230509b bl.|||p| |||| 00| 00por d
040 _aBR-BrBNA
_bpor
_cBiblioteca Nacional de Agricultura
041 _a(Pt)
072 _aL70
100 1 _aEurides, D.
100 1 _aMazzanti, A.
100 1 _aGoncalves, G.F.
100 1 _aBeletti, M.E.
100 1 _aFioravante, M.C.S.
100 1 _aSilva, L.A.F. da
100 1 _aTroncoso Neto, N.S.
100 1 _aHardt, G.G.
245 1 _aCorrecao cirurgica de fimose adquirida em equinos
650 _aEquino
650 _aCirurgia
650 _aFimose
773 0 _tVeterinaria Noticias (Brazil)
_xISSN 0104-3463
_g(1997), v. 3(1) p. 43-49
_wBR9705014
909 _a202311
_bLúcia
_c55
_dLúcia Elande
942 _2AGRIS
_n0
_cANA
999 _c156844
_d156844